[Event "RUS-ch m1-2"]
[Site "Elista"]
[Date "1997.05.22"]
[Round "2.1"]
[White "Korneev, Oleg"]
[Black "Morozevich, Alexander"]
[Result "1/2-1/2"]
[WhiteElo "2590"]
[BlackElo "2595"]
[Annotator "Gershon,A"]
[PlyCount "52"]
[EventDate "1997.05.19"]
[EventType "k.o."]
[EventRounds "6"]
[EventCountry "RUS"]
[SourceTitle "CBM 059"]
[Source "ChessBase"]
[SourceDate "1997.08.01"]
[SourceVersion "1"]
[SourceVersionDate "1997.08.01"]
[SourceQuality "1"]

1. e4 e6 2. d4 d5 3. Nd2 dxe4 4. Nxe4 Nd7 5. Nf3 Ngf6 6. Nxf6+ (6. Bd3 Nxe4 7.
Bxe4 Nf6 8. Bd3 c5 9. O-O cxd4 10. Nxd4 Bc5 11. c3 Bd7 12. Be3 Qc7 13. Re1
O-O-O 14. Qf3 Bd6 15. h3 Qa5 16. a4 Qd5 17. Qe2 Bb8 18. c4 Qh5 19. Qc2 Qe5 20.
g3 Be8 21. Nb5 Qh5 22. Bxa7 Bc6 23. Bxb8 Kxb8 24. Qe2 Qxh3 25. Qe5+ Ka8 26.
Nc7+ Ka7 27. Nb5+ Ka8 28. Nc7+ Ka7 {1/2-1/2 Gomez Esteban,J-Kortschnoj,V/Leon
1994}) 6... Nxf6 7. Bd3 c5 8. O-O cxd4 9. Nxd4 Bc5 10. Be3 (10. Nb3 Bd6 11. Bg5
Qc7 12. g3 h6 13. Bxf6 gxf6 14. Qf3 Bd7 15. Qxf6 Be5 16. Qh4 Bxb2 17. Rad1 Bc6
18. Be4 Bxe4 19. Qxe4 O-O 20. c4 $13 {Zarnicki,P-Pereyra Arcija,D/ch-ARG,
Saenz Pena City 1996/1-0 (47)}) (10. c3 O-O 11. Bg5 h6 12. Bh4 Bxd4 13. cxd4
Bd7 14. Re1 Bc6 15. Re5 Qe7 16. Bc2 Rfd8 17. Qd3 Rac8 18. Rae1 Rc7 19. h3 $13 {
1/2-1/2 Arencibia,W-Nogueiras,J/Capablanca Elite, Havana CUB 1997 (26)}) 10...
Bb6 11. c3 (11. Qd2 O-O 12. Nf3 Bxe3 13. Qxe3 b6 14. Ne5 Bb7 15. c4 Qe7 16. a3
Rfd8 17. b4 Nd7 18. Rfd1 Nxe5 19. Qxe5 a5 20. Qc3 Qf6 21. Qxf6 gxf6 22. Bf1 Kf8
23. f3 Rxd1 24. Rxd1 axb4 25. axb4 Ke7 26. Rd4 Ra4 27. b5 $14 {[%csl Gh7]
Ljubojevic,L-Seirawan,Y/Monaco Amber blind 1994/1/2-1/2 (57)}) 11... e5 $5 $146
{Black attacks the knight before white manages to protect the bishop, this
makes the knight retreat to a less active position.} (11... O-O 12. Re1 Re8 13.
Nb5 Bxe3 14. Rxe3 Qe7 15. Qf3 a6 16. Nd4 g6 17. Rae1 Rd8 18. Bc4 Kg7 19. Qf4
Bd7 20. g4 $40 {Beliavsky,A-Ehlvest,J/Erevan olm 1996/1-0 (78); Black's
kingside is very weak.}) 12. Nc2 (12. Bb5+ Bd7 13. Nf5 Bxb5 (13... O-O $6 14.
Bxb6 axb6 15. Bxd7 Qxd7 (15... Nxd7 16. Qg4 $16 {[%cal Gf1d1]}) 16. Qxd7 Nxd7
17. Rfd1 $18 {[%csl Gb6,Gb7]}) 14. Bxb6 (14. Qd6 Qxd6 15. Nxd6+ Ke7 16. Nxb5)
14... Qxb6 15. Qd6 Qxd6 16. Nxd6+ Ke7 17. Nxb5 $11) (12. Nf5 {Maybe this would
have been slightly better, since Nf5 exploits the weakest point in black's
last move - it weakens white squares a bit.} O-O (12... Bxf5 13. Bxf5 Qxd1 14.
Raxd1 Bxe3 15. fxe3 $14) 13. Qc2 Bxf5 14. Bxf5 Bxe3 15. fxe3 Qb6 16. Rf3 $36)
12... O-O 13. Bg5 {Leads almost forced to an equal endgame.} (13. Re1 Ng4 14.
Bxb6 Qxb6 15. Qf3 Rd8 (15... Qxb2 $140 $4 16. Reb1) 16. Bc4 $14) 13... h6 14.
Bh4 Bg4 15. Bxf6 (15. Qd2 e4 16. Bxf6 Qxd3 17. Qf4 Be6 18. Nb4 Qe2 19. Qg3 Qg4
$11) 15... Bxd1 16. Bxd8 Bxc2 17. Bxc2 Raxd8 {There are no real chances to win
this position by either side.} 18. Rfd1 f5 19. Rxd8 Rxd8 20. Rd1 (20. Bxf5 $2
Rd2 $15) 20... Rxd1+ 21. Bxd1 Kf8 22. Bb3 Bd8 23. Be6 g6 24. f3 Bg5 25. Kf2 Bc1
26. b3 Bb2 1/2-1/2

[Event "Lido Estensi op 3rd"]
[Site "Lido Estensi"]
[Date "2002.06.08"]
[Round "2"]
[White "Glek, Igor Vladimirovich"]
[Black "Tatai, Stefano"]
[Result "1-0"]
[WhiteElo "2605"]
[BlackElo "2358"]
[Annotator "Glek,I"]
[PlyCount "69"]
[EventDate "2002.06.07"]
[EventType "swiss"]
[EventRounds "9"]
[EventCountry "ITA"]
[SourceTitle "CBM 088 Extra"]
[Source "ChessBase"]
[SourceDate "2002.07.01"]
[SourceVersion "2"]
[SourceVersionDate "2002.07.01"]
[SourceQuality "1"]

1. e4 e6 2. d4 d5 3. Nd2 dxe4 4. Nxe4 Bd7 5. Nf3 Bc6 6. Bd3 Nd7 7. O-O Ngf6 8.
Ned2 Nb6 (8... Be7 9. Nc4 O-O 10. Na5) 9. Ne5 $1 Qxd4 10. Nxc6 bxc6 11. Qf3 $36
Nbd5 12. c4 Nb4 13. Bb1 Qg4 (13... Rd8 $142 14. a3 Nd3 15. Bxd3 Qxd3 16. Qxc6+
Qd7 17. Qa6 c5 (17... c6 18. Nf3 $14) 18. Nf3 Qc7 19. Bd2 Rd7 20. Rad1 $14 (20.
Bc3 $14)) 14. Qb3 a5 15. a3 a4 16. Qc3 $1 $16 (16. axb4 $5 axb3 17. Rxa8+ Ke7
$13 (17... Kd7 18. Nf3 $1)) 16... Na6 17. Qa5 Bd6 18. Qxa4 O-O 19. Qxc6 Nc5 20.
Bc2 Rfb8 21. Rb1 Ra6 (21... Nd5 22. h3 (22. cxd5 $5 Ra6 23. b4 Rxc6 24. dxc6
$16) 22... Qh4 (22... Qf4 23. g3 Qd4 24. b4 $18) 23. b4 $18) 22. Qf3 Qxf3 23.
Nxf3 Nb3 24. Be3 c5 25. Rfd1 e5 $2 (25... Ng4 $142) 26. Bxb3 Rxb3 27. Nxe5 $18
h6 28. Nd3 Nd7 29. Rbc1 Rc6 30. Rc2 Ne5 31. Nc1 Rb7 32. h3 Ng6 33. Nd3 Nf8 34.
b4 cxb4 35. axb4 1-0

[Event "Linares Anibal op 03rd"]
[Site "Linares"]
[Date "1996.??.??"]
[Round "?"]
[White "Glek, Igor Vladimirovich"]
[Black "Nogueiras Santiago, Jesus"]
[Result "1-0"]
[WhiteElo "2635"]
[BlackElo "2555"]
[Annotator "Glek,I"]
[PlyCount "85"]
[EventDate "1996.01.??"]
[EventType "swiss"]
[EventRounds "10"]
[EventCountry "ESP"]
[SourceTitle "CBM 051 Extra"]
[Source "ChessBase"]
[SourceDate "1996.05.01"]
[SourceVersion "1"]
[SourceVersionDate "1996.05.01"]
[SourceQuality "1"]

1. e4 e6 2. d4 d5 3. Nc3 dxe4 4. Nxe4 Nd7 5. Bd3 Ngf6 6. Qe2 c5 7. Nxf6+ Nxf6
8. dxc5 Bxc5 9. Bg5 $5 (9. Nf3) 9... Qa5+ 10. Bd2 Qc7 (10... Qb6 11. O-O-O $5
$36) 11. Nf3 O-O (11... Bd7 $5) 12. O-O-O $1 b6 13. Ne5 Bb7 14. f4 Rfd8 15. Kb1
Rac8 16. Rhf1 $1 {/\g2-g4} Nd5 17. a3 Bd6 (17... b5 $5 18. Bxb5 Bxa3 $1 $13)
18. c4 Nf6 19. Bc3 Bf8 20. g4 Rxd3 $1 21. Rxd3 (21. Nxd3 Qxc4 $44) 21... Be4
22. g5 Bxd3+ 23. Qxd3 Ne8 (23... Rd8 $142 24. Qe2 Nd7 25. Ng4 $5 $36) 24. Rf3
$1 {/\Rf3-h3} f5 (24... Rd8 25. Qe2 $1 {/\Rf3-h3, Qh5 ->}) (24... Nd6 25. Rh3
Nf5 26. Qe2 $40) 25. gxf6 Nxf6 26. Rf1 $1 Qb7 27. Re1 $1 $16 {>< e6} Re8 28.
Nf3 Qd7 29. Qe2 Qf7 30. Ng5 Qg6+ 31. Qc2 (31. Ka2 $16) 31... Nh5 32. Qxg6 hxg6
33. Rxe6 Rc8 34. Be5 $1 $18 Rxc4 35. Re8 Nf6 36. Ra8 $1 Nd7 37. Rxa7 (37. Ne6
$18) 37... Nxe5 38. fxe5 Rc5 39. Nf3 Rc4 (39... g5 40. h3 $18) 40. h4 Re4 41.
Rb7 Re3 42. Ng5 Rxe5 43. Rxb6 1-0

[Event "Chicago op 11th"]
[Site "Chicago"]
[Date "2002.05.27"]
[Round "6"]
[White "Glek, Igor Vladimirovich"]
[Black "Lein, Anatoly"]
[Result "1-0"]
[WhiteElo "2605"]
[BlackElo "2394"]
[Annotator "Glek,I"]
[PlyCount "69"]
[EventDate "2002.05.24"]
[EventType "swiss"]
[EventRounds "7"]
[EventCountry "USA"]
[SourceTitle "CBM 088 Extra"]
[Source "ChessBase"]
[SourceDate "2002.07.01"]
[SourceVersion "2"]
[SourceVersionDate "2002.07.01"]
[SourceQuality "1"]

1. e4 e6 2. d4 d5 3. Nc3 dxe4 4. Nxe4 Nd7 5. Nf3 Ngf6 6. Nxf6+ Nxf6 7. c3 Be7 (
7... c5 8. Ne5 $36) 8. Bd3 c5 (8... O-O 9. Qc2 (9. Qe2) 9... c5 10. Be3 {
/\0-0-0|^}) 9. dxc5 Bxc5 10. Qe2 Bd7 11. Ne5 Bc6 12. O-O $14 O-O 13. Rd1 Qc7
14. Bf4 Rfd8 15. Bg3 Bd6 16. Bc2 (16. c4) 16... Bxe5 (16... b5 $2 17. Nxc6 Qxc6
18. Bxd6 Rxd6 19. Rxd6 Qxd6 20. Qxb5 Rb8 21. Qe2) (16... h6 17. Rd4 $36) 17.
Bxe5 Qe7 18. c4 b6 19. h3 Rac8 20. a3 Nd7 21. Bd6 Qg5 22. f4 Qf6 23. Rd2 Re8 (
23... e5 24. Rad1 (24. Rf1 e4 25. b4 Ba8) 24... e4 (24... exf4 25. Be7 f3 26.
Qd3) (24... Qxf4 25. Be7 Re8 26. Rxd7 Bxd7 27. Rxd7 Rxc4 28. Bb4 $16) 25. b4
$16) 24. Re1 Nf8 25. b4 Qh6 26. Rd4 Ng6 27. b5 (27. f5 Nf8 28. Bf4 Qf6 (28...
Qh4 29. Be5 Qh6 30. f6 $1 (30. Rg4 exf5 31. Bxf5 Ng6 32. Rxg6 hxg6 33. Bxc8
Rxc8) (30. Qf2 exf5 31. Rh4 Qg5 32. Bxf5 Ng6 33. Rg4 Qh5) 30... Nd7 (30... gxf6
31. Rg4+ Ng6 32. Bxf6)) 29. Be5 Qe7 30. f6 $1 gxf6) 27... Ba8 28. f5 Nf8 29.
Bf4 Qf6 30. Be5 Qe7 (30... Qh6 31. f6 gxf6 32. Rg4+ Ng6 33. Bxf6 $16) 31. f6 $1
Qc5 (31... gxf6 32. Bd6 Qd8 33. Qf2 (33. Bxh7+ Nxh7 (33... Kxh7 34. Qh5+ Kg7
35. Rh4) 34. Qh5 Rxc4 35. Rxc4 Qxd6 36. Rg4+ Kh8 37. Qxf7 Qf8 38. Qxa7) 33...
Ng6 34. Bb4 Qc7 35. Qxf6 $16) 32. Qf2 Rcd8 33. fxg7 Ng6 34. Bxg6 fxg6 (34...
hxg6 35. Qh4 f5 36. Qh8+ Kf7 37. g8=Q+ Rxg8 38. Qf6+ Ke8 39. Qxd8+) 35. Rf1 1-0

[Event "ISR-ch"]
[Site "Tel Aviv"]
[Date "2002.12.02"]
[Round "8"]
[White "Gofshtein, Leonid D"]
[Black "Finkel, Alexander"]
[Result "1-0"]
[WhiteElo "2519"]
[BlackElo "2485"]
[Annotator "Gofshtein,L"]
[PlyCount "43"]
[EventDate "2002.11.24"]
[EventType "swiss"]
[EventRounds "9"]
[EventCountry "ISR"]
[SourceTitle "CBM 093"]
[Source "ChessBase"]
[SourceDate "2003.04.01"]
[SourceVersion "1"]
[SourceVersionDate "2003.04.01"]
[SourceQuality "1"]

1. e4 {Finkel,A} e6 2. d4 d5 3. Nd2 dxe4 4. Nxe4 Nd7 5. Nf3 Ngf6 6. Nxf6+ Nxf6
7. g3 (7. Be3 $5 Be7 8. Qd2 O-O (8... Nd5 9. Bg5 $5 {Almasi,Z}) 9. O-O-O b6 10.
Ne5 $36 {1-0 Almasi,Z-Istratescu,A/Budapest 1995/CBM 48/[Tompa] (22)}) 7... c5
{Finkel,A: 'Possible continuation, but less flexible than 7...b6.'} (7... b6 8.
Bg2 (8. Ne5 $5 {Interesting continuation drustically changing the character of
the game:from now on interesting tactical struggle arises,which eventually
leads to a quick,but extremly interesting draw.} Qd5 (8... Bb7 9. Bb5+ c6 10.
Qf3 (10. Nxc6 $2 Qd5 {[%cal Gd5b5,Gd5h1]} 11. Nxa7+ Kd8 $19) 10... Rc8 11.
Bxc6+ (11. Nxc6 Qd7 12. d5) 11... Bxc6 12. Nxc6 Qc7 13. Ne5 Qxc2 $15) 9. Rg1
Bb7 10. Bg2 {Another possibility was} Ne4 $5 (10... Qa5+ $5 11. Bd2 Qa6 12. Bf1
(12. Bxb7 Qxb7 13. Qe2 Qd5 14. c3 Bd6 $11) 12... Qa4 13. c3 (13. Bc3 Bb4) 13...
Qxd1+ 14. Rxd1 $11) 11. c4 Qa5+ 12. Kf1 Rd8 (12... Bd6 $2 13. Qe2 f5 14. Qh5+
g6 15. Nxg6 Nf6 16. Qh3 $1 $18) 13. Bg5 $5 {Keeping on to play in the same
advanturous way.} f6 (13... Rd6) 14. Qg4 $5 {[%csl Re6]} (14. Qh5+ g6 15. Nxg6
$2 Qxg5 16. Qxg5 fxg5 17. Nxh8 Bg7 18. Re1 Rxd4 $19) 14... Nxg5 (14... Rxd4 $2
15. Qxe6+ Be7 16. Nc6 Bxc6 17. Qxc6+ Kf8 18. Be3 Nd2+ 19. Bxd2 $1 Qxd2 20. Bd5
$16 {[%csl Rf8][%cal Gc6e6]}) 15. Bxb7 fxe5 16. Qxg5 Rxd4 17. Bd5 ({Nothing
promises} 17. Bc6+ $5 Kf7 18. Bd5 Rxd5 (18... exd5 19. Qf5+ Ke8 20. Qxe5+ Be7
21. Qxd4 $18) 19. cxd5 Qxd5 20. Re1 Bd6 $13 {and the position remains unclear.}
) 17... Bc5 18. Bc6+ Kf7 19. Qxe5 Rf8 20. Rg2 {1/2-1/2 Bezgodov,A-Polovodin,I/
St Petersburg 2000/CBM 76/[Finkel,A] (20)}) (8. Be3 {Finkel,A} Be7 9. Ne5 Bb7
10. Bb5+ c6 11. Qf3 cxb5 12. Qxb7 Qd5 13. Qc6+ Qxc6 14. Nxc6 Bd6 15. a4 $14 {
Milov,L-Botvinnik,I/Minsk 1996}) 8... Bb7 9. O-O Be7 10. Qe2 (10. b3 O-O 11.
Qe2 c5 12. dxc5 Bxc5 13. Bb2 Qe7 14. Ne5 Bxg2 15. Kxg2 Qb7+ 16. Qf3 Qxf3+ 17.
Kxf3 Rfd8 $11 {Vouldis,A-Pandavos,E/GRE-ch 1993}) (10. c4 O-O 11. b3 c5 12. Bb2
cxd4 13. Nxd4 Bxg2 14. Kxg2 Qc7 15. Qf3 Rac8 16. Rad1 $14 {Collas,D-Lalic,S/
Zaragoza op-A 1995}) 10... O-O 11. Rd1 Re8 12. c4 Qc8 13. Bh3 Be4 14. Ng5 Bf5
15. Bg2 h6 16. Nf3 Be4 $11 {1/2-1/2 Anand,V-Topalov,V/Monte Carlo 1997/CBM 57
ext (49)}) (7... Bd6 8. Bg2 O-O 9. O-O Rb8 10. Qe2 Bd7 11. Ne5 c5 12. Bf4 $14 {
Welten,H-Sinke,W/HZ Open 1999}) 8. Bg2 cxd4 (8... Qb6 9. O-O Bd7 10. c4 cxd4
11. Nxd4 Rd8 12. Be3 Qxb2 (12... Bc5) 13. Qb3 Qxb3 14. axb3 $44 {1-0
Voitsekhovsky,S-Yagupov,I/Tula 1999/EXT 2000 (36)}) (8... Nd5 {Finkel,A} 9. O-O
Be7 10. dxc5 Bxc5 11. c4 Nf6 12. Qxd8+ Kxd8 13. b4 Bd6 14. Bb2 Ke7 15. c5 $16 {
Schramm,C-Hausmann,I/Dresden 1993}) (8... Be7 {Finkel,A} 9. O-O O-O 10. Bg5 h6
{1/2-1/2 Botschek,M-Brugger,H/Stetten 1988/EXT 97 (10)}) 9. Qxd4 Qxd4 $6 {
Finkel,A: 'Helping white to develop an initiative.' By this unaccuracy black
allows white to enter the knight f3 to the game as weel as it opens white
bishop; After correct 9...Be7, white would have slight advantage only;} (9...
Qc7 10. Bf4 $5 (10. Be3 $6 Nd5 11. O-O-O Nxe3 $5 (11... Be7 $6 12. Qxg7 Bf6 13.
Qg4 $16 {1/2-1/2 Tarasov,I-Kuzenkov,A/Kaluga 1997/EXT 2002 (65)}) 12. Qxe3 Bd7
$132) 10... Qxc2 11. Rc1 Qe4+ 12. Qxe4 Nxe4 13. Nd4 Nf6 14. Nb5 Bb4+ 15. Ke2
$36) (9... Be7 $5 10. O-O O-O 11. c4 Qxd4 12. Nxd4 e5 13. Nb5 $14 {1/2-1/2
Vanderwaeren,S-De Wolf,J/BEL 1997/EXT 98 (21)} a6 14. Nc3 Rb8 15. Be3 Be6 16.
b3 b6 $11 {Vanderwaeren,S-De Wolf,J/BEL 1997}) 10. Nxd4 Bc5 {'?!' Finkel,A.
Finkel,A: 'Another inaccuracy after which it's very difficult for black to get
counterplay.'} (10... Be7 {Finkel,A} 11. O-O (11. Nb5 {Finkel,A} O-O 12. Be3
Ng4 13. Bxa7 Bd7 14. a4 Bxb5 15. axb5 Bc5 16. Ra4 Bxf2+ 17. Ke2 Rxa7 18. Rxg4
$13) 11... O-O 12. Re1 Rd8 13. c3 Nd5 $11) 11. Nb3 Bd6 12. Be3 Nd5 (12... Ke7
13. O-O-O) 13. Bd4 f6 $2 {Finkel,A: 'After this one nothing can save black
from the loss!' This move just weakens black position and decreases black
chances to escape;} (13... O-O $5 14. Rd1 b5 15. Bc5 Rd8 (15... Bxc5 {Finkel,A}
16. Nxc5 Rd8 17. O-O $16 {[%cal Gd1d8]}) 16. O-O Be5 $14) 14. O-O-O $16 Bd7 (
14... Ke7 15. Rhe1 $36) 15. Rhe1 $18 {This centralizing move of white makes
black hopeless;} Kf7 16. Bc5 $1 {Another strong move; First of all, white
cleares d-file for the rook, and also white gets the knight in after the
forced trade of bishops;} Bf8 17. Bxf8 Raxf8 18. Nc5 Bc8 19. Nxe6 Nc3 (19...
Bxe6 20. Bxd5 Bxd5 21. Rxd5 Rd8 22. Rxd8 Rxd8 23. Rd1 Rb8 24. Rd7+ $18) 20.
Nxf8 Nxd1 21. Rxd1 Rxf8 22. Bxb7 1-0